000 01103nam0a2200277 i 4500
001 RU\NLR\BIBL_A\010702988
005 20241103125029.0
010 _a9785940749776
_9100
035 _a(NLR Aleph) 010702988
090 _a9729784
_c9729784
100 _a20150318d2014 u y0rusy50 ca
101 0 _arus
102 _aRU
105 _aa|||z|||000yy
200 1 _aПрограммирование и отладка C/C++ приложений для микроконтроллеров ARM
_fЮ.С. Магда
210 _aМосква
_cДМК Пресс
_d2014
215 _a166, [1] с.
_cил.
_d20
606 1 _aARM, микроконтроллеры
_xПрограммирование
_92249561
_3RU\NLR\AUTH\6601580114
606 _aC, язык программирования
_91672093
_3RU\NLR\AUTH\661040545
606 _aC++, язык программирования
_92072018
_3RU\NLR\AUTH\661246828
686 1 _aЗ973.26-018
700 1 _aМагда
_bЮ. С.
_gЮрий Степанович
942 _cBOOK
980 _aNBR